000 00699nam a2200289Ia 4500
005 20260324142331.0
008 008 260324s9999 xx 000 0 eng d
020 _a9781315484457
037 _aEBOOK
040 _aCRL
040 _beng
040 _cCRL
041 _2eng
041 _aeng
084 _qCRL
100 _aRobert Biersack; Clyde Wilcox; Paul S. Herrnson
_91211567
245 0 _aRisky Business
245 0 _bPAC Decision Making and Strategy
260 _bTaylor and Francis
260 _c1995
365 _a
365 _b145
856 _uhttp://www.taylorfrancis.com/books/9781315484457
942 _cEBOOK
999 _c1815613
_d1815613